| 000 | 00474nam a22001937a 4500 | ||
|---|---|---|---|
| 003 | OSt | ||
| 008 | 230125b ||||| |||| 00| 0 eng d | ||
| 020 | _a9788131518526 | ||
| 082 | _a658.402 CAO | ||
| 100 | _aQUICK,James Campbell | ||
| 245 | _aOrganizational Behavior | ||
| 250 | _a7th Ed | ||
| 260 |
_aNew Delhi _bCengage _c2019 |
||
| 300 | _a787 | ||
| 650 | _aOrganizational Behavior | ||
| 700 | _aNELSON,Debra L | ||
| 700 | _aKHANDELWAL,Preetam | ||
| 942 |
_2ddc _cREF |
||
| 999 |
_c11744 _d11744 |
||